Cuando la Iglesia, en África, se haga africana (Record no. 634678)
[ view plain ]
| 000 -CABECERA | |
|---|---|
| Campo de control de longitud fija | 00441nab a2200145Ia 4500 |
| 003 - IDENTIFICADOR DEL NÚMERO DE CONTROL | |
| Campo de control | ES-SlBCS |
| 005 - FECHA Y HORA DE LA ÚLTIMA TRANSACCIÓN | |
| Campo de control | 20210601135824.0 |
| 008 - CÓDIGOS DE INFORMACIÓN DE LONGITUD FIJA | |
| Campo de control de longitud fija | 140529s1992 xxu||||| |||| 00| 0 spa d |
| 041 ## - CÓDIGO DE LENGUA | |
| Código de lengua del texto/banda sonora o título independiente | spa |
| 100 1# - PUNTO DE ACCESO PRINCIPAL-NOMBRE DE PERSONA | |
| Nombre de persona | Zoé-Obianga, Rose |
| 9 (RLIN) | 237134 |
| 245 00 - MENCIÓN DE TÍTULO | |
| Título | Cuando la Iglesia, en África, se haga africana |
| Mención de responsabilidad, etc. | Rose Zoé-Obianga |
| 650 #4 - PUNTO DE ACCESO ADICIONAL DE MATERIA-TÉRMINO DE MATERIA | |
| Término de materia o nombre geográfico como elemento inicial | Iglesia Africana |
| 9 (RLIN) | 141643 |
| 773 0# - ENLACE AL DOCUMENTO FUENTE | |
| Título | Concilium |
| Parte(s) relacionada(s) | vol. I, nº. 239, 1992, págs. 119-124 |
| Número de control del registro relacionado | Rev134 |
| 942 ## - ENTRADA DE ELEMENTOS AGREGADOS (KOHA) | |
| Koha [por defecto] tipo de item | Artículos de revista |
| Suprimido | Perdido | Estropeado | No para préstamo | Localización permanente | Localización actual | Localización en estantería | Fecha adquisición | Préstamos totales | Fecha última consulta | Fecha del precio de reemplazo | Tipo de item de Koha |
|---|---|---|---|---|---|---|---|---|---|---|---|
| San Esteban | San Esteban | Depósito de revistas | 11/07/2014 | 11/07/2014 | 11/07/2014 | Artículos de revista |
